000 00430nam a22001697a 4500
003 MPLRDC
005 20220104114319.0
008 210129b ||||| |||| 00| 0 eng d
082 _a628.62 FYJS
100 _a彭怀恩
245 _a国共空中武力
_c
260 _a
_b风云论坛社
_c
300 _b
490 _a风云军事. 8
650 _a中国现代史; 民国史--国共战事复燃
942 _cBK
_o628.62 FYJS
999 _c6514
_d6504